[Event "22nd Honor to National Resistance"]
[Site "Nikaia"]
[Date "2014.09.01"]
[Round "8.1"]
[White "Kotronias, Vasilios"]
[Black "Alexakis, Dimitrios"]
[Result "1-0"]
[WhiteElo "2552"]
[BlackElo "2221"]
[PlyCount "105"]
[EventDate "2014.08.26"]

1. e4 c5 2. Nf3 e6 3. d4 cxd4 4. Nxd4 Nc6 5. Nc3 Nf6 6. Ndb5 Bc5 7. Nd6+ Ke7 8.
Nxc8+ Rxc8 9. Bd3 Re8 10. O-O Kf8 11. Kh1 Ne5 12. f4 Nxd3 13. cxd3 d5 14. e5
Nd7 15. d4 Bb4 16. f5 Kg8 17. Qh5 Bxc3 18. bxc3 exf5 19. g4 Nxe5 20. dxe5 d4
21. Qxf5 Qd5+ 22. Qf3 Qxf3+ 23. Rxf3 dxc3 24. Bf4 Red8 25. Rc1 c2 26. Kg2 Rc4
27. Rf2 Rdc8 28. Bg3 b5 29. Rd2 h6 30. Kf3 b4 31. Be1 a5 32. Rd5 a4 33. Rb5 Rd4
34. Ke3 Rxg4 35. Rxb4 Rg1 36. Kf2 Rg5 37. Re4 Rc5 38. Bb4 Rc6 39. Re2 Rg4 40.
a3 Rgc4 41. Ke3 f6 42. exf6 Rxf6 43. Rcxc2 Rh4 44. Kd2 Rf5 45. Rc8+ Kh7 46. Rc7
h5 47. Rg2 Rg4 48. Rxg4 hxg4 49. Ke1 Rh5 50. Bd6 Rd5 51. Rc6 Kg6 52. Bg3+ Kf5
53. Rc4 1-0

[Event "22nd Honor to National Resistance"]
[Site "Nikaia"]
[Date "2014.09.01"]
[Round "8.2"]
[White "Koutoukidis, Panagiotis"]
[Black "Kapnisis, Spyridon"]
[Result "1/2-1/2"]
[WhiteElo "2190"]
[BlackElo "2458"]
[PlyCount "82"]
[EventDate "2014.08.26"]

1. e4 c5 2. Nf3 e6 3. d4 cxd4 4. Nxd4 a6 5. Bd3 g6 6. c4 Bg7 7. Be3 Nf6 8. O-O
d6 9. h3 O-O 10. Nc3 b6 11. Rc1 Bb7 12. b4 Nbd7 13. f4 Rc8 14. f5 exf5 15. exf5
Re8 16. Bf2 Ne5 17. fxg6 fxg6 18. Nce2 Bh6 19. Bh4 Be3+ 20. Kh1 Qd7 21. Bf5
gxf5 22. Bxf6 f4 23. Ng1 Rf8 24. Bg5 Bxc1 25. Qxc1 Rxc4 26. Qd1 f3 27. Ndxf3
Nxf3 28. Nxf3 Qg7 29. Qxd6 Rc2 30. h4 Rxf3 31. Qb8+ Rf8 32. Rxf8+ Qxf8 33. Qxb7
Qf7 34. Qb8+ Kg7 35. Qe5+ Kg8 36. Qb8+ Qf8 37. Qg3 Qf5 38. Qb8+ Kf7 39. Qb7+
Kg8 40. Qb8+ Kg7 41. Qb7+ Kg8 1/2-1/2

[Event "22nd Honor to National Resistance"]
[Site "Nikaia"]
[Date "2014.09.01"]
[Round "8.3"]
[White "Gkikas, Hristos"]
[Black "Goumas, Georgios"]
[Result "0-1"]
[WhiteElo "1907"]
[BlackElo "2371"]
[PlyCount "94"]
[EventDate "2014.08.26"]

1. c4 e5 2. Nc3 Nf6 3. g3 Bb4 4. Bg2 O-O 5. a3 Bxc3 6. bxc3 Re8 7. d4 e4 8. Nh3
b6 9. O-O Ba6 10. Qa4 d6 11. Bg5 c6 12. Nf4 h6 13. Bxf6 Qxf6 14. Nd5 Qd8 15.
Ne3 d5 16. cxd5 Bxe2 17. Rfe1 Bd3 18. dxc6 b5 19. Qd1 Nxc6 20. Qg4 Qg5 21. Qxg5
hxg5 22. Nd5 Rac8 23. Rac1 Red8 24. Bh3 Rb8 25. Nc7 Rb6 26. Bf5 Nb8 27. Bxe4
Bxe4 28. Rxe4 Rb7 29. Re8+ Rxe8 30. Nxe8 Rd7 31. Re1 Kf8 32. d5 Na6 33. d6 f6
34. Nc7 Nxc7 35. dxc7 Rxc7 36. Re3 Rc4 37. Kg2 Ra4 38. Kf3 Rxa3 39. Ke4 Ra2 40.
Kd5 Rxf2 41. Kc5 Rb2 42. Rd3 a5 43. Rd8+ Kf7 44. Rb8 Rb3 45. Rxb5 Rxb5+ 46.
Kxb5 f5 47. c4 f4 0-1

[Event "22nd Honor to National Resistance"]
[Site "Nikaia"]
[Date "2014.09.01"]
[Round "8.4"]
[White "Tsolakidou, Stavroula"]
[Black "Michelakos, Panagiotis"]
[Result "1-0"]
[WhiteElo "2240"]
[BlackElo "2146"]
[PlyCount "104"]
[EventDate "2014.08.26"]

1. e4 e5 2. Nf3 Nc6 3. Bb5 a6 4. Ba4 Nf6 5. O-O Be7 6. Re1 d6 7. Bxc6+ bxc6 8.
d4 exd4 9. Nxd4 Bd7 10. Qf3 O-O 11. Nc3 Re8 12. Bf4 Rb8 13. h3 Rxb2 14. Nb3
Rxc2 15. Qd3 Rxc3 16. Qxc3 d5 17. e5 Ne4 18. Qe3 Bb4 19. Rec1 f6 20. e6 Rxe6
21. Nd4 Bd2 22. Nxe6 Bxe6 23. Qf3 Bxc1 24. Rxc1 c5 25. Qa3 c4 26. f3 Nd6 27.
Qxa6 d4 28. Qc6 d3 29. a4 g5 30. Be3 Bf7 31. Qc5 Qd7 32. Qd4 Qe6 33. g4 Qe5 34.
Qxe5 fxe5 35. Bxg5 Bd5 36. Kf2 Nb7 37. Bd2 Nc5 38. a5 Kf7 39. Bc3 Ke6 40. Re1
e4 41. fxe4 Bb7 42. Ke3 Kd6 43. Bb4 Kc6 44. Bxc5 Kxc5 45. e5 Kd5 46. e6 Kxe6
47. Kd2+ Kf6 48. h4 Ba6 49. Re8 Bb7 50. g5+ Kf5 51. Re7 Be4 52. Rxc7 Kg4 1-0

[Event "22nd Honor to National Resistance"]
[Site "Nikaia"]
[Date "2014.09.01"]
[Round "8.5"]
[White "Kouvatsos, Filippos"]
[Black "Delithanasis, Dimitrios"]
[Result "0-1"]
[WhiteElo "2157"]
[BlackElo "2095"]
[PlyCount "42"]
[EventDate "2014.08.26"]

1. d4 Nf6 2. c4 g6 3. Nc3 Bg7 4. e4 d6 5. Nf3 O-O 6. Be2 e5 7. Be3 exd4 8. Nxd4
Re8 9. f3 c6 10. Nc2 Na6 11. Qd2 Nc7 12. O-O-O d5 13. cxd5 cxd5 14. exd5 Bf5
15. d6 Bxc2 16. Kxc2 Ncd5 17. Nxd5 Nxd5 18. Qxd5 Rxe3 19. Qd2 Qb6 20. b3 Rc8+
21. Bc4 Rxc4+ 0-1

[Event "22nd Honor to National Resistance"]
[Site "Nikaia"]
[Date "2014.09.01"]
[Round "8.6"]
[White "Pandelidis, Ioannis"]
[Black "Kourkoulos-Arditis, Stamatis"]
[Result "1-0"]
[WhiteElo "2070"]
[BlackElo "2296"]
[PlyCount "92"]
[EventDate "2014.08.26"]

1. e4 c5 2. Nc3 Nc6 3. Bb5 g6 4. Bxc6 dxc6 5. f4 Bg7 6. Nf3 Nf6 7. d3 O-O 8.
O-O b5 9. Qe1 b4 10. Nd1 Bg4 11. Ne3 Bxf3 12. Rxf3 Qd4 13. Kh1 Rad8 14. e5 Nd5
15. Nc4 f6 16. Na5 c4 17. Nxc6 Qc5 18. Nxd8 Rxd8 19. Be3 Qc6 20. dxc4 Qxc4 21.
Rf2 Bh6 22. b3 Qc7 23. Rd2 fxe5 24. Rad1 Qc6 25. Bg1 Bxf4 26. Rd3 e6 27. Qe4
Qxc2 28. g3 Bh6 29. Qh4 Rd7 30. Qc4 Rc7 31. Qxc2 Rxc2 32. Re1 Bg7 33. Bxa7 Rxa2
34. Bb8 Rb2 35. Bxe5 Nc3 36. Bxg7 Kxg7 37. Rxe6 Rxb3 38. Rd7+ Kh6 39. h4 Kh5
40. Kg2 g5 41. Re5 h6 42. Kh3 Na2 43. Rh7 Kg6 44. Ra7 Nc1 45. Ra6+ Kh5 46. hxg5
Nd3 1-0

[Event "22nd Honor to National Resistance"]
[Site "Nikaia"]
[Date "2014.09.01"]
[Round "8.7"]
[White "Korlotsidis, Spiridon"]
[Black "Kalogridakis, Georgios"]
[Result "0-1"]
[WhiteElo "2048"]
[BlackElo "2114"]
[PlyCount "158"]
[EventDate "2014.08.26"]

1. e4 c5 2. Nf3 d6 3. c3 Nf6 4. Be2 Nbd7 5. d3 b6 6. Nbd2 Bb7 7. O-O e6 8. Re1
Be7 9. Bf1 Rc8 10. g3 Rc7 11. Bg2 Qa8 12. a4 O-O 13. c4 a6 14. b3 Ne5 15. Nxe5
dxe5 16. Bb2 Nd7 17. Bh3 Rd8 18. Nf3 Bf6 19. Qe2 Rcc8 20. g4 g6 21. g5 Bg7 22.
Bg4 Qb8 23. h4 Qd6 24. Rad1 Nb8 25. h5 Nc6 26. Bc3 Rc7 27. Qb2 a5 28. Kg2 Rcd7
29. Rh1 Qe7 30. Qe2 Rd6 31. Rh3 R8d7 32. Qe3 Qd8 33. Nh4 Ba8 34. Be2 Ne7 35.
Rdh1 Nf5 36. Nxf5 exf5 37. hxg6 Rxg6 38. Rxh7 Qxg5+ 39. Qxg5 Rxg5+ 40. Kf3
fxe4+ 41. dxe4 f5 42. Ke3 Bxe4 43. f3 Bc6 44. R7h5 Rxh5 45. Rxh5 Rf7 46. Bd3
Bd7 47. Rg5 Kf8 48. Rg6 Bf6 49. Ke2 Ke7 50. Rh6 Be6 51. Rh5 Bg7 52. Rh7 Bf6 53.
Rh5 Bg7 54. Rh7 Kf8 55. Rh5 e4 56. Bxg7+ Kxg7 57. Bc2 exf3+ 58. Kxf3 Kg6 59.
Rh8 Rd7 60. Rb8 Rd6 61. Kf4 Kf6 62. Rf8+ Ke7 63. Rb8 Rd2 64. Bb1 Rf2+ 65. Ke3
Rb2 66. Bxf5 Rxb3+ 67. Kf4 Bxf5 68. Kxf5 Kd6 69. Rh8 Rb4 70. Rh6+ Kc7 71. Rh7+
Kc6 72. Rh6+ Kb7 73. Rh7+ Ka6 74. Ke6 Rxc4 75. Kd5 Rxa4 76. Kc6 Rg4 77. Rh6 a4
78. Kc7 Rg7+ 79. Kc6 Ka5 0-1

[Event "22nd Honor to National Resistance"]
[Site "Nikaia"]
[Date "2014.09.01"]
[Round "8.8"]
[White "Tsiros, Fragkiskos Vlasios"]
[Black "Ioannidis, Evgenios"]
[Result "1/2-1/2"]
[WhiteElo "2108"]
[BlackElo "2064"]
[PlyCount "42"]
[EventDate "2014.08.26"]

1. e4 Nf6 2. e5 Nd5 3. d4 d6 4. Nf3 dxe5 5. Nxe5 c6 6. Be2 Bf5 7. O-O Nd7 8. c4
Nb4 9. Nd3 Nxd3 10. Bxd3 Bxd3 11. Qxd3 e6 12. Bf4 Be7 13. Nc3 Nf6 14. Rad1 O-O
15. Qf3 Qb6 16. b3 Rfd8 17. Be5 Nd7 18. Bf4 Nf6 19. Na4 Qa5 20. Be5 Nd7 21. Bf4
Nf6 1/2-1/2

[Event "22nd Honor to National Resistance"]
[Site "Nikaia"]
[Date "2014.09.01"]
[Round "8.9"]
[White "Sienczewski, Zbigniew"]
[Black "Skaperdas, Kostantinos"]
[Result "1/2-1/2"]
[WhiteElo "2040"]
[BlackElo "2102"]
[PlyCount "95"]
[EventDate "2014.08.26"]

1. g3 g6 2. Bg2 Bg7 3. Nf3 c5 4. c4 Nc6 5. Nc3 e6 6. O-O Nge7 7. e3 Nf5 8. e4
Nfd4 9. Nxd4 Nxd4 10. Rb1 O-O 11. d3 b6 12. b4 cxb4 13. Rxb4 Bb7 14. Nb5 d6 15.
Be3 Nxb5 16. Rxb5 Qd7 17. Qd2 Bc6 18. Rbb1 d5 19. cxd5 exd5 20. Bh6 Bxh6 21.
Qxh6 dxe4 22. dxe4 Qe6 23. Rbc1 Bb5 24. Rfd1 Qxa2 25. Rd5 Qb2 26. h4 Rac8 27.
Rcd1 Ba4 28. R1d2 Qa1+ 29. Kh2 Bb3 30. Rd6 Be6 31. Qf4 Qg7 32. Bf1 h5 33. Ba6
Rb8 34. Bb5 Kh7 35. Bd7 Bc4 36. Bc6 b5 37. Rd7 Rb6 38. Bd5 Bxd5 39. exd5 b4 40.
Rxa7 b3 41. Rd1 b2 42. Rb1 Kg8 43. Rc7 Rd8 44. Qc4 Qf6 45. Qc5 Rb3 46. Rc8 Rxc8
47. Qxc8+ Kh7 48. Qc2 1/2-1/2

[Event "22nd Honor to National Resistance"]
[Site "Nikaia"]
[Date "2014.09.01"]
[Round "8.10"]
[White "Papasimakopoulos, Alexandros"]
[Black "Grigoriadis, Mihail"]
[Result "1-0"]
[WhiteElo "2270"]
[BlackElo "1981"]
[PlyCount "89"]
[EventDate "2014.08.26"]

1. d4 Nf6 2. c4 g6 3. f3 Bg7 4. e4 d6 5. Nc3 O-O 6. Be3 Nc6 7. Nge2 a6 8. Qd2
Rb8 9. Rc1 Bd7 10. Nd1 Re8 11. g3 a5 12. Bg2 b6 13. O-O e5 14. d5 Nb4 15. a3
Na6 16. b4 axb4 17. axb4 Qe7 18. Nf2 Bc8 19. Nd3 Nd7 20. Rc2 f5 21. Rfc1 Nf6
22. h3 Kf7 23. c5 bxc5 24. bxc5 h6 25. cxd6 cxd6 26. Qa5 Ra8 27. Rxc8 Rexc8 28.
Rxc8 Rxc8 29. Qxa6 Rc2 30. Nb4 Rb2 31. Nc6 Qd7 32. Bc1 Rc2 33. Qd3 Ra2 34. Qc4
Ra1 35. Kh2 Kg8 36. Bb2 Ra8 37. Qb4 fxe4 38. fxe4 Ne8 39. Nc3 Bf8 40. Nd1 Be7
41. Bxe5 dxe5 42. Nxe7+ Kg7 43. Nc6 Nf6 44. Nxe5 Qc7 45. Qd4 1-0

[Event "22nd Honor to National Resistance"]
[Site "Nikaia"]
[Date "2014.09.01"]
[Round "8.11"]
[White "Tsaknakis, Zisis"]
[Black "Sirigos, Nikolaos"]
[Result "1-0"]
[WhiteElo "1899"]
[BlackElo "2256"]
[PlyCount "59"]
[EventDate "2014.08.26"]

1. e4 c6 2. Nc3 d5 3. Nf3 dxe4 4. Nxe4 Nf6 5. Nxf6+ exf6 6. d4 Bd6 7. Bd3 O-O
8. O-O Re8 9. h3 Nd7 10. Re1 Rxe1+ 11. Qxe1 Nf8 12. c3 Be6 13. Be3 Bc7 14. c4
Qd6 15. Rd1 Ng6 16. Qc3 Nf4 17. Bxf4 Qxf4 18. d5 cxd5 19. cxd5 Bd7 20. d6 Bxd6
21. g3 Qa4 22. Bc2 Qc6 23. Qd3 Bc5 24. Qxh7+ Kf8 25. Be4 Qc7 26. Rxd7 Qxd7 27.
Qh8+ Ke7 28. Qxa8 Qxh3 29. Qxb7+ Kf8 30. Qb8+ 1-0

[Event "22nd Honor to National Resistance"]
[Site "Nikaia"]
[Date "2014.09.01"]
[Round "8.12"]
[White "Karagiannis, Athanasios"]
[Black "Mitsis, Georgios"]
[Result "0-1"]
[WhiteElo "2214"]
[BlackElo "1897"]
[PlyCount "150"]
[EventDate "2014.08.26"]

1. b3 e5 2. Bb2 Nc6 3. e3 Nf6 4. c4 Be7 5. Nf3 d6 6. d4 exd4 7. Nxd4 Nxd4 8.
Qxd4 Be6 9. Nc3 c6 10. Be2 Qc7 11. O-O O-O 12. Rac1 Qd7 13. Rfd1 Rfd8 14. Ne4
Bf5 15. Ng3 Bg6 16. e4 Qe6 17. f4 Bxe4 18. Re1 c5 19. Qc3 Bc6 20. Bd3 Qd7 21.
Rxe7 Qxe7 22. Nf5 Qd7 23. Bb1 Nh5 24. Rd1 f6 25. Qh3 g6 26. Nh6+ Kf8 27. f5 Qg7
28. Bc1 Be8 29. fxg6 hxg6 30. Rf1 Bd7 31. Qh4 Re8 32. g4 Re5 33. gxh5 g5 34.
Qf2 Qxh6 35. Bg6 f5 36. Bb2 Re4 37. h3 Kg8 38. Qd2 Be6 39. Qxd6 g4 40. Qxc5
Qe3+ 41. Qxe3 Rxe3 42. hxg4 Rg3+ 43. Kf2 Rxg4 44. Re1 Rf4+ 45. Kg3 Rg4+ 46. Kf3
Bd7 47. Re7 Bc6+ 48. Ke3 f4+ 49. Kd4 Rg2 50. Bf7+ Kh8 51. Bc3 Rg3 52. Be1 Rd8+
53. Bd5 Re3 54. Bh4 Rxe7 55. Bxe7 Re8 56. Bf6+ Kh7 57. Bg5 f3 58. Be3 Rf8 59.
Bf2 Kh6 60. b4 Kxh5 61. b5 Bxd5 62. Kxd5 b6 63. a4 Rf7 64. Kd6 Rf4 65. c5 bxc5
66. a5 c4 67. Ke5 c3 68. b6 axb6 69. Kxf4 c2 70. axb6 c1=Q+ 71. Kxf3 Qc6+ 72.
Kf4 Kg6 73. Bd4 Qd5 74. Be3 Kf6 75. Bf2 Qc4+ 0-1

[Event "22nd Honor to National Resistance"]
[Site "Nikaia"]
[Date "2014.09.01"]
[Round "8.13"]
[White "Pappelis, Dimitrios"]
[Black "Trimitzios, Petros"]
[Result "1/2-1/2"]
[WhiteElo "2073"]
[BlackElo "1755"]
[PlyCount "39"]
[EventDate "2014.08.26"]

1. e4 c6 2. Nf3 d5 3. Nc3 Bg4 4. h3 Bh5 5. g4 Bg6 6. exd5 cxd5 7. Ne5 Nc6 8.
Bb5 Rc8 9. d4 e6 10. h4 f6 11. Nxg6 hxg6 12. Qd3 Kf7 13. a3 a6 14. Bxc6 Rxc6
15. Bd2 Bd6 16. Kf1 Ne7 17. Kg2 Qd7 18. f3 Rcc8 19. Rae1 Rh7 20. Rh3 1/2-1/2

[Event "22nd Honor to National Resistance"]
[Site "Nikaia"]
[Date "2014.09.01"]
[Round "8.15"]
[White "Panagiotakos, Nikolaos"]
[Black "Alexakis, Dimitris"]
[Result "1/2-1/2"]
[WhiteElo "2146"]
[BlackElo "1679"]
[PlyCount "52"]
[EventDate "2014.08.26"]

1. e4 c5 2. Nf3 d6 3. d4 cxd4 4. Nxd4 Nf6 5. Nc3 g6 6. Be2 Bg7 7. O-O O-O 8.
Bg5 Nc6 9. Nb3 Bd7 10. Kh1 Be6 11. f4 Nd7 12. f5 Bxb3 13. axb3 h6 14. Bh4 g5
15. Bf2 Be5 16. h4 Kg7 17. Qd2 Rh8 18. g3 Nf6 19. Ra4 a6 20. hxg5 hxg5+ 21. Kg2
b5 22. Raa1 b4 23. Qxg5+ Kf8 24. Rh1 Nh7 25. Rxh7 Rxh7 26. Nd5 e6 1/2-1/2

[Event "22nd Honor to National Resistance"]
[Site "Nikaia"]
[Date "2014.09.01"]
[Round "8.16"]
[White "Sideris, Theodoros"]
[Black "Liodakis, Konstantinos-Spyros"]
[Result "0-1"]
[WhiteElo "1915"]
[BlackElo "2170"]
[PlyCount "110"]
[EventDate "2014.08.26"]

1. e4 e6 2. d4 d5 3. Nc3 Nf6 4. Bg5 Bb4 5. e5 h6 6. Bd2 Bxc3 7. bxc3 Ne4 8. Qg4
Kf8 9. Qf4 Nxd2 10. Qxd2 c5 11. Nf3 Nc6 12. Be2 Qa5 13. dxc5 Qxc5 14. O-O a6
15. a4 Ke7 16. Nd4 Nxe5 17. Qe3 Nd7 18. Bg4 Re8 19. Rae1 Kf8 20. f4 Kg8 21. Kh1
Nf6 22. Bf3 Bd7 23. g4 Nh7 24. h4 Rac8 25. g5 Qxc3 26. Qe5 h5 27. Re3 Qc7 28.
Bxh5 Qxe5 29. fxe5 g6 30. Be2 Bxa4 31. Ref3 Re7 32. Bd3 Be8 33. Kg2 Nf8 34. h5
Nd7 35. hxg6 Nxe5 36. Rh3 fxg6 37. Rfh1 Nf7 38. Rh7 e5 39. Bxg6 exd4 40. Bf5
Rcc7 41. g6 Nd6 42. Be6+ Rxe6 43. Rxc7 Rxg6+ 44. Kf3 Rg7 45. Rxg7+ Kxg7 46. Kf4
Kf6 47. Rh7 a5 48. Rh1 Bg6 49. Rd1 Bxc2 50. Rxd4 Bb3 51. Rd3 a4 52. Rh3 b5 53.
Rh6+ Ke7 54. Rh8 a3 55. Ke5 Nf7+ 0-1

[Event "22nd Honor to National Resistance"]
[Site "Nikaia"]
[Date "2014.09.01"]
[Round "8.17"]
[White "Koutsogiannis, Efthymios"]
[Black "Balokas, Dimitrios"]
[Result "1/2-1/2"]
[WhiteElo "1920"]
[BlackElo "2042"]
[PlyCount "130"]
[EventDate "2014.08.26"]

1. e4 c5 2. c3 d5 3. exd5 Qxd5 4. d4 Nc6 5. Nf3 Bf5 6. Be3 Nf6 7. Be2 e6 8.
dxc5 Qxd1+ 9. Bxd1 Ng4 10. b4 Nxe3 11. fxe3 a5 12. Ba4 axb4 13. Bxc6+ bxc6 14.
cxb4 Be7 15. O-O Bf6 16. Nd4 Be4 17. Nc3 Bg6 18. a4 O-O 19. Rxf6 gxf6 20. Nxc6
Kg7 21. b5 Rfc8 22. e4 f5 23. Kf2 fxe4 24. Ke3 f5 25. Rd1 Be8 26. Rd6 Bxc6 27.
bxc6 Kf7 28. Rd7+ Kf6 29. c7 Ke5 30. Nb5 f4+ 31. Ke2 Rxa4 32. Nd6 Ra2+ 33. Kf1
Ra1+ 34. Ke2 Rg8 35. g3 f3+ 36. Kf2 Ra2+ 37. Ke1 Re2+ 38. Kf1 Ra8 39. Nc4+ Kf6
40. Rd1 e3 41. Nxe3 Rc8 42. Rd3 Rxc7 43. Nd5+ exd5 44. Rxf3+ Kg6 45. Kxe2 Rxc5
46. Kd3 Ra5 47. Kd4 h5 48. h4 Ra4+ 49. Kxd5 Ra5+ 50. Ke4 Ra4+ 51. Ke3 Ra3+ 52.
Kf2 Ra2+ 53. Kg1 Ra1+ 54. Kg2 Ra2+ 55. Kh3 Rb2 56. Ra3 Rc2 57. Ra6+ Kg7 58. Ra5
Kg6 59. Ra4 Rb2 60. Ra3 Rc2 61. g4 hxg4+ 62. Kxg4 Rc6 63. Ra4 Rb6 64. h5+ Kh6
65. Kh4 Rc6 1/2-1/2

[Event "22nd Honor to National Resistance"]
[Site "Nikaia"]
[Date "2014.09.01"]
[Round "8.18"]
[White "Markesinis, Eleftherios"]
[Black "Sidiropoulos, Nikolaos"]
[Result "1/2-1/2"]
[WhiteElo "2029"]
[BlackElo "1923"]
[PlyCount "92"]
[EventDate "2014.08.26"]

1. d4 Nf6 2. c4 e6 3. g3 c5 4. Nf3 cxd4 5. Nxd4 a6 6. Bg2 Qc7 7. b3 Nc6 8. O-O
Be7 9. Bb2 O-O 10. Nc3 Rd8 11. Rc1 Qb8 12. e4 Ra7 13. h3 b6 14. Kh2 Bb7 15. Nc2
d6 16. f4 b5 17. cxb5 axb5 18. a3 b4 19. axb4 Ba6 20. b5 Bxb5 21. Nxb5 Qxb5 22.
Na3 Qa6 23. Nc4 d5 24. exd5 Nxd5 25. f5 Ne3 26. Nxe3 Rxd1 27. Rfxd1 Nd8 28.
fxe6 fxe6 29. Ra1 Qb6 30. Bd4 Qxd4 31. Rxd4 Rxa1 32. Nc4 Rb1 33. Rd3 g6 34. h4
Ra1 35. Bh3 Ra2+ 36. Rd2 Rxd2+ 37. Nxd2 Kf7 38. Bg2 e5 39. Bd5+ Kf6 40. g4 h6
41. Ne4+ Kg7 42. Kg3 Nf7 43. Bxf7 Kxf7 44. h5 gxh5 45. gxh5 Ke6 46. Kg4 Ba3
1/2-1/2

[Event "22nd Honor to National Resistance"]
[Site "Nikaia"]
[Date "2014.09.01"]
[Round "8.19"]
[White "Alexiadis, Hristos"]
[Black "Tsekouras, Vasilios"]
[Result "1/2-1/2"]
[WhiteElo "2020"]
[BlackElo "1900"]
[PlyCount "71"]
[EventDate "2014.08.26"]

1. e4 c6 2. d4 g6 3. Bd3 Bg7 4. c3 Qc7 5. Ne2 d6 6. O-O e5 7. Na3 Nd7 8. Nc4
Nb6 9. f4 Be6 10. Ne3 f6 11. fxe5 fxe5 12. d5 cxd5 13. exd5 Bd7 14. Ng3 Nh6 15.
a4 Rf8 16. a5 Nc8 17. Rxf8+ Kxf8 18. Ne4 Ne7 19. Qf3+ Kg8 20. Nf6+ Kh8 21. Nxd7
Qxd7 22. Nc4 Rf8 23. Qe3 Qg4 24. Bd2 Nxd5 25. Qxa7 e4 26. Bxh6 Bxh6 27. Qd4+
Nf6 28. Bf1 d5 29. Nb6 Qe6 30. Rd1 Bg7 31. Be2 Rd8 32. Qe3 Qe5 33. Nc4 Qc7 34.
Nb6 Qe5 35. Nc4 Qc7 36. Nb6 1/2-1/2

[Event "22nd Honor to National Resistance"]
[Site "Nikaia"]
[Date "2014.09.01"]
[Round "8.20"]
[White "Kalodoukas, Odysseas"]
[Black "Vazelakis, Dimitrios"]
[Result "1/2-1/2"]
[WhiteElo "1918"]
[BlackElo "1985"]
[PlyCount "50"]
[EventDate "2014.08.26"]

1. d4 g6 2. c4 Bg7 3. Nc3 d6 4. e4 Nf6 5. Be2 O-O 6. f4 Na6 7. Nf3 e5 8. dxe5
dxe5 9. Qxd8 Rxd8 10. Nxe5 Nc5 11. Bf3 Be6 12. O-O Nfd7 13. Nd5 c6 14. Nxd7
Rxd7 15. Ne3 Bd4 16. Kh1 Nd3 17. f5 Bxf5 18. exf5 Nxc1 19. Raxc1 Bxe3 20. Rcd1
Rad8 21. fxg6 hxg6 22. Rxd7 Rxd7 23. Rd1 Re7 24. g3 Kg7 25. Kg2 Bg5 1/2-1/2

[Event "22nd Honor to National Resistance"]
[Site "Nikaia"]
[Date "2014.09.01"]
[Round "8.21"]
[White "Nikoleris, Evangelos"]
[Black "Kouskoutis, Georgios-Alexandros"]
[Result "1-0"]
[WhiteElo "1887"]
[BlackElo "1981"]
[PlyCount "83"]
[EventDate "2014.08.26"]

1. e4 c5 2. c3 g6 3. d4 cxd4 4. cxd4 d5 5. e5 Bg7 6. Nc3 Nc6 7. h3 Nh6 8. g4 f6
9. f4 fxe5 10. fxe5 O-O 11. Be3 e6 12. Nf3 Qb6 13. Qe2 Bd7 14. Bg2 Rac8 15. Qd2
Nf7 16. O-O Na5 17. b3 Rc7 18. Rfc1 Rfc8 19. Ne2 Bf8 20. Rxc7 Rxc7 21. Rc1 Bb4
22. Qb2 Nc6 23. Kf2 a5 24. Bf1 Be7 25. a3 Na7 26. Nc3 Kg7 27. Rc2 Rc8 28. Bd3
Qd8 29. Qc1 b5 30. Nb1 b4 31. Rxc8 Nxc8 32. a4 Nb6 33. Qc2 Qb8 34. Nbd2 Nd8 35.
Kg2 Nc6 36. Bb5 Na7 37. Bxd7 Nxd7 38. Ng5 Qb6 39. Qc1 Bxg5 40. Bxg5 Nc6 41. Nf3
Nd8 42. Qc8 1-0

[Event "22nd Honor to National Resistance"]
[Site "Nikaia"]
[Date "2014.09.01"]
[Round "8.22"]
[White "Nikolaidou, Eleni"]
[Black "Fessas, Prokopios"]
[Result "1/2-1/2"]
[WhiteElo "1825"]
[BlackElo "1981"]
[PlyCount "139"]
[EventDate "2014.08.26"]

1. e4 c6 2. d4 d5 3. exd5 cxd5 4. Bd3 Nc6 5. c3 Qc7 6. h3 Nf6 7. Nf3 g6 8. O-O
Bf5 9. Bb5 a6 10. Bxc6+ Qxc6 11. Ne5 Qc8 12. Bf4 Bg7 13. Nd2 O-O 14. Re1 Ne4
15. Nxe4 Bxe4 16. Ng4 Re8 17. Rc1 Bf5 18. Ne3 Be6 19. c4 Qd8 20. c5 Rc8 21. Nf1
Qd7 22. g4 f6 23. Nh2 Bf7 24. Nf3 g5 25. Bg3 h5 26. Nd2 Be6 27. f3 f5 28. Be5
hxg4 29. Bxg7 Kxg7 30. fxg4 fxg4 31. Qe2 Rc6 32. Qe5+ Kg6 33. Rc3 Bf5 34. hxg4
Bxg4 35. Rce3 Re6 36. Qg3 Rxe3 37. Rxe3 Rf8 38. Qe5 e6 39. Qg3 Qf7 40. b4 Qf6
41. Re5 Qf4 42. Qxf4 Rxf4 43. Nb3 Kf6 44. Re1 Bf5 45. Re2 Ke7 46. a4 Kd7 47. b5
axb5 48. axb5 Bd3 49. c6+ Kc7 50. Rxe6 Bxb5 51. cxb7 Kxb7 52. Re5 Bc4 53. Nc5+
Kc6 54. Ne6 Rf1+ 55. Kg2 g4 56. Rg5 Kd6 57. Nc5 Rf4 58. Rg6+ Ke7 59. Rg7+ Kf6
60. Rg8 Rxd4 61. Kg3 Be2 62. Re8 Bf3 63. Nd7+ Kf5 64. Re5+ Kg6 65. Re6+ Kf7 66.
Re3 Re4 67. Ne5+ Kf6 68. Rxe4 dxe4 69. Kf4 Ke6 70. Nxg4 1/2-1/2

[Event "22nd Honor to National Resistance"]
[Site "Nikaia"]
[Date "2014.09.01"]
[Round "8.23"]
[White "Giannoulakis, Labros"]
[Black "Ladas, Dimitrios"]
[Result "1/2-1/2"]
[WhiteElo "1970"]
[BlackElo "1881"]
[PlyCount "63"]
[EventDate "2014.08.26"]

1. d4 d5 2. c4 e6 3. Nc3 Be7 4. Nf3 Nf6 5. Bg5 h6 6. Bh4 O-O 7. e3 b6 8. Bd3
Bb7 9. O-O Nbd7 10. Qe2 c5 11. Rfd1 Ne4 12. Bg3 Nxg3 13. hxg3 cxd4 14. exd4 Nf6
15. Ne5 Rc8 16. cxd5 Nxd5 17. Qe4 f5 18. Qe1 Bf6 19. Nc4 Re8 20. Nb5 Ba6 21.
Ne3 Nxe3 22. Qxe3 Qd7 23. Nc7 Rxc7 24. Bxa6 Rd8 25. Qe2 Qd5 26. b3 Qe4 27. Qxe4
fxe4 28. Bc4 Re7 29. Rd2 Rxd4 30. Rxd4 Bxd4 31. Re1 e3 32. fxe3 1/2-1/2

[Event "22nd Honor to National Resistance"]
[Site "Nikaia"]
[Date "2014.09.01"]
[Round "8.25"]
[White "Bouboulis, Spyridon-Odysseys"]
[Black "Petougias, Georgios"]
[Result "1-0"]
[WhiteElo "1801"]
[BlackElo "1949"]
[PlyCount "103"]
[EventDate "2014.08.26"]

1. d4 Nf6 2. Nf3 g6 3. Bg5 Bg7 4. Nbd2 d5 5. e3 Bf5 6. c4 h6 7. Bxf6 Bxf6 8.
cxd5 Qxd5 9. Bc4 Qa5 10. Qb3 O-O 11. Qxb7 Nd7 12. Qb5 Qxb5 13. Bxb5 Rab8 14.
Bxd7 Bxd7 15. b3 c5 16. Ne4 Bg7 17. Nxc5 Bb5 18. a4 Bc6 19. O-O e6 20. Rab1 a5
21. Rfc1 Rfc8 22. Nd2 Bd5 23. Nc4 Bxc4 24. bxc4 Rxb1 25. Rxb1 e5 26. Rd1 exd4
27. exd4 Bxd4 28. Rxd4 Rxc5 29. Kf1 f5 30. Ke2 Kf7 31. Kd3 Ke6 32. Rd8 Ke5 33.
g3 f4 34. Rb8 fxg3 35. fxg3 Rc7 36. Rb5+ Ke6 37. Rxa5 Rd7+ 38. Ke3 Rd1 39. c5
Re1+ 40. Kf2 Rc1 41. h4 h5 42. Ra6+ Kf5 43. Rb6 Ra1 44. Rb4 Rc1 45. a5 Rxc5 46.
Ra4 Rc7 47. a6 Ra7 48. Kf3 Ke5 49. Ra5+ Ke6 50. Ke4 Kf6 51. Kd5 g5 52. Kc6 1-0

[Event "22nd Honor to National Resistance"]
[Site "Nikaia"]
[Date "2014.09.01"]
[Round "8.26"]
[White "Kokkota, Eleni"]
[Black "Papakonstantinou, Dimitrios"]
[Result "0-1"]
[WhiteElo "1567"]
[BlackElo "1947"]
[PlyCount "118"]
[EventDate "2014.08.26"]

1. d4 Nf6 2. Nf3 e6 3. Bg5 h6 4. Bh4 d6 5. c4 Be7 6. Nc3 Nbd7 7. e4 g5 8. Bg3
Nh5 9. Nd2 Nxg3 10. hxg3 Bf6 11. Nb3 a6 12. Be2 Qe7 13. Qc2 c5 14. d5 Be5 15.
O-O-O Nf8 16. Nd2 Bd4 17. f4 e5 18. f5 Bd7 19. Na4 b5 20. Nb6 Rb8 21. Nxd7 Nxd7
22. Kb1 Qd8 23. Nb3 bxc4 24. Nxd4 cxd4 25. Bxc4 Qb6 26. Kc1 Nc5 27. Rd2 Qb4 28.
a3 Qa5 29. Kd1 Na4 30. Bb3 Nc5 31. Bc4 Na4 32. Bb3 Nc5 33. Bc4 Kf8 34. Ke2 Na4
35. Bb3 Qb5+ 36. Bc4 Qa5 37. Rb1 Kg7 38. Kf1 Rhc8 39. b4 Qc7 40. Rc1 Qd7 41.
Qd3 a5 42. Rb1 Nc3 43. Rbb2 Nxe4 44. Qxe4 Rxc4 45. bxa5 Rc1+ 46. Kf2 Ra8 47.
Rdc2 Rxc2+ 48. Rxc2 Rxa5 49. Qf3 Kf6 50. g4 Qa7 51. Ra2 d3+ 52. Qe3 e4 53. a4
Qxe3+ 54. Kxe3 Ke5 55. g3 Kxd5 56. Ra3 Ke5 57. Rb3 Rxa4 58. Rb7 Ra2 59. Rxf7
Re2# 0-1